Introductory mathematical analysis : (Record no. 5127)
[ view plain ]
| 000 -LEADER | |
|---|---|
| fixed length control field | 01437nam a2200361 i 4500 |
| 003 - CONTROL NUMBER IDENTIFIER | |
| control field | EG-ScBUE |
| 005 - DATE AND TIME OF LATEST TRANSACTION | |
| control field | 20250306102713.0 |
| 008 - FIXED-LENGTH DATA ELEMENTS--GENERAL INFORMATION | |
| fixed length control field | 080918t2008 njua f b 001 0 eng d |
| 020 ## - INTERNATIONAL STANDARD BOOK NUMBER | |
| International Standard Book Number | 9780132424356 |
| 020 ## - INTERNATIONAL STANDARD BOOK NUMBER | |
| International Standard Book Number | 0132424355 |
| 040 ## - CATALOGING SOURCE | |
| Original cataloging agency | EG-ScBUE |
| Language of cataloging | eng |
| Description conventions | rda |
| Transcribing agency | EG-ScBUE |
| Modifying agency | EG-ScBUE |
| 082 04 - DEWEY DECIMAL CLASSIFICATION NUMBER | |
| Classification number | 515 |
| Item number | HAE |
| Edition number | 22 |
| 100 1# - MAIN ENTRY--PERSONAL NAME | |
| Personal name | Haeussler, Ernest F., |
| Relator term | author. |
| 9 (RLIN) | 20837 |
| 245 10 - TITLE STATEMENT | |
| Title | Introductory mathematical analysis : |
| Remainder of title | for business, economics, and the life and social sciences / |
| Statement of responsibility, etc | Ernest F. Haeussler, The Pennsylvania State University, Richard S. Paul, The Pennsylvania State University and Richard J. Wood, Dalhousie University. |
| 250 ## - EDITION STATEMENT | |
| Edition statement | Twelfth edition. |
| 250 ## - EDITION STATEMENT | |
| Edition statement | Pearson international edition. |
| 264 #1 - PUBLICATION, DISTRIBUTION, ETC. (IMPRINT) | |
| Place of publication, distribution, etc | Upper Saddle River, NJ : |
| Name of publisher, distributor, etc | Pearson Prentice Hall, |
| Date of publication, distribution, etc | [2008] |
| 264 #4 - PUBLICATION, DISTRIBUTION, ETC. (IMPRINT) | |
| Date of publication, distribution, etc | c2008 |
| 300 ## - PHYSICAL DESCRIPTION | |
| Extent | 1 volume (various pagings) : |
| Other physical details | illustrations (some color) ; |
| Dimensions | 27 cm |
| 336 ## - CONTENT TYPE | |
| Source | rdacontent |
| Content type term | text |
| Content type code | txt |
| 337 ## - MEDIA TYPE | |
| Media type term | unmediated |
| Source | rdamedia |
| Media type code | n |
| 338 ## - CARRIER TYPE | |
| Carrier type term | volume |
| Carrier type code | nc |
| Source | rdacarrier |
| 504 ## - BIBLIOGRAPHY, ETC. NOTE | |
| Bibliography, etc | Includes bibliographical references and index. |
| 650 #7 - SUBJECT ADDED ENTRY--TOPICAL TERM | |
| Topical term or geographic name as entry element | Mathematical analysis. |
| Source of heading or term | BUEsh |
| 9 (RLIN) | 20838 |
| 650 #7 - SUBJECT ADDED ENTRY--TOPICAL TERM | |
| Topical term or geographic name as entry element | Economics, Mathematical. |
| Source of heading or term | BUEsh |
| 9 (RLIN) | 20839 |
| 650 #7 - SUBJECT ADDED ENTRY--TOPICAL TERM | |
| Topical term or geographic name as entry element | Business mathematics. |
| Source of heading or term | BUEsh |
| 9 (RLIN) | 20840 |
| 651 ## - SUBJECT ADDED ENTRY--GEOGRAPHIC NAME | |
| Source of heading or term | BUEsh |
| 653 ## - INDEX TERM--UNCONTROLLED | |
| Resource For college | BAEPS, Business Administration |
| -- | BAEPS, Economics |
| Arrived date list | December2017 |
| 655 ## - INDEX TERM--GENRE/FORM | |
| Form subdivision | Reading book |
| 700 1# - ADDED ENTRY--PERSONAL NAME | |
| Personal name | Paul, Richard S., |
| Relator term | author. |
| 9 (RLIN) | 20841 |
| 700 1# - ADDED ENTRY--PERSONAL NAME | |
| Personal name | Wood, R. J., |
| Relator term | author. |
| 9 (RLIN) | 20842 |
| 942 ## - ADDED ENTRY ELEMENTS (KOHA) | |
| Source of classification or shelving scheme | Dewey Decimal Classification |
| Koha item type | Book - Borrowing |
| Withdrawn status | Lost status | Source of classification or shelving scheme | Damaged status | Not for loan | Home library | Current library | Shelving location | Date acquired | Source of acquisition | Total Checkouts | Total Renewals | Full call number | Barcode | Checked out | Date last seen | Date checked out | Koha item type | Cost, normal purchase price | Cost, replacement price | Materials specified (bound volume or other part) | Collection code | Price effective from |
|---|---|---|---|---|---|---|---|---|---|---|---|---|---|---|---|---|---|---|---|---|---|---|
| Dewey Decimal Classification | Central Library | Central Library | First floor | 17/10/2007 | Purchase | 22 | 76 | 515 HAE | 000006407 | 21/05/2026 | 11/10/2025 | 11/10/2025 | Book - Borrowing | |||||||||
| Lost and Paid For | Dewey Decimal Classification | Central Library | Central Library | First floor | 18/09/2008 | Purchase | 8 | 3 | 515 HAE | 000013836 | 11/07/2010 | 03/11/2009 | Book - Borrowing | |||||||||
| Dewey Decimal Classification | Central Library | Central Library | First floor | 18/09/2008 | Purchase | 19 | 17 | 515 HAE | 000013812 | 18/10/2025 | 11/10/2025 | Book - Borrowing | ||||||||||
| Lost & Replaced | Dewey Decimal Classification | Central Library | Central Library | First floor | 18/09/2008 | Purchase | 6 | 2 | 515 HAE | 000013806 | 25/12/2017 | 05/01/2010 | Book - Borrowing | 660.00 | 825.00 | |||||||
| Lost | Dewey Decimal Classification | Central Library | Central Library | First floor | 18/09/2008 | Purchase | 3 | 515 HAE | 000013807 | 09/11/2010 | 14/10/2009 | Book - Borrowing | Lost In Inventory_2015-8-23 | |||||||||
| Lost | Dewey Decimal Classification | Central Library | Central Library | First floor | 02/04/2009 | 2 | 515 HAE | 000015516 | 25/11/2010 | 18/10/2010 | Book - Borrowing | Lost In Inventory_2015-8-23 | Donation-Gift | |||||||||
| Dewey Decimal Classification | Central Library | Central Library | First floor | 11/07/2010 | Purchase | 12 | 48 | 515 HAE | 000021464 | 15/07/2025 | 07/11/2019 | Book - Borrowing | Baccah | |||||||||
| Dewey Decimal Classification | Central Library | Central Library | First floor | 01/11/2010 | Purchase | 515 HAE | 000006408 | 15/07/2025 | NB - Book (Non borrowing) | Baccah | ||||||||||||
| Dewey Decimal Classification | Central Library | Central Library | First floor | 06/12/2017 | Donation | 7 | 16 | 515 HAE | 000042603 | 15/07/2025 | 22/10/2019 | Book - Borrowing | Donation-Gift | |||||||||
| Dewey Decimal Classification | Central Library | Central Library | First floor | 06/12/2017 | Donation | 4 | 37 | 515 HAE | 000042605 | 15/07/2025 | 30/09/2019 | Book - Borrowing | Donation-Gift | |||||||||
| Dewey Decimal Classification | Central Library | Central Library | First floor | 06/12/2017 | Donation | 7 | 64 | 515 HAE | 000042606 | 15/07/2025 | 11/10/2021 | Book - Borrowing | Donation-Gift | |||||||||
| Dewey Decimal Classification | Central Library | Central Library | First floor | 17/12/2017 | Donation | 5 | 68 | 515 HAE | 000042662 | 16/05/2026 | 28/03/2026 | 28/03/2026 | Book - Borrowing | Donation-Gift | 17/12/2017 | |||||||
| Dewey Decimal Classification | Central Library | Central Library | First floor | 12/03/2018 | 2 | 58 | 515 HAE | 000047373 | 15/07/2025 | 21/10/2020 | Book - Borrowing | 12/03/2018 |